|
|
|
|
| LEADER |
00000nab a2200000uu 4500 |
| 001 |
vtls011442279 |
| 003 |
SK-MaSNL |
| 005 |
20260303123321.0 |
| 008 |
230213|1971 xo |||||||||||||||||slo| |
| 015 |
|
|
|a SNBRB
|
| 035 |
|
|
|a (urnnbn)urn:nbn:sk:snk:ar-0031zq
|
| 035 |
|
|
|a (uuid)c9691460-fef5-4a9a-831d-1a77041c5bdc
|
| 035 |
|
|
|a urn:nbn:sk:snk-abcgby
|
| 040 |
|
|
|a SNKBUCL
|b slo
|c SNKBUCL
|e AACR2
|
| 041 |
0 |
|
|a slo
|
| 044 |
|
|
|a xo
|c SK
|
| 100 |
1 |
|
|a Chira, Eugen
|4 aut
|9 306471
|
| 245 |
1 |
0 |
|a BIOLÓGIA PEĽU A VAJÍČKA U LARIX DECIDUA MILL. A PSEUDOTSUGA MENZIESII (MIRB.) FRANCO
|c Eugen Chira
|
| 773 |
0 |
|
|t Biológia : časopis Slovenskej akadémie vied
|g Roč. 26, č. 4 (1971), s. 335-340
|
| 954 |
|
|
|a odborná, vedecká literatúra pôvodná (slovenská)
|2 lita
|
| 958 |
|
|
|a OND
|
| 958 |
|
|
|a EUIPO
|
| 958 |
|
|
|a article16
|
| 999 |
|
|
|c 1925143
|d 1927073
|